ENTREPRENEURSHIP DEVELOPMENT & MANAGEMENT (Record no. 1216835)

MARC details
000 -LEADER
fixed length control field 00361nam a22001337a 4500
008 - FIXED-LENGTH DATA ELEMENTS--GENERAL INFORMATION
fixed length control field 260302b |||||||| |||| 00| 0 eng d
100 ## - MAIN ENTRY--PERSONAL NAME
Personal name DR. V. DESAI
110 ## - MAIN ENTRY--CORPORATE NAME
Corporate name or jurisdiction name as entry element DR. K. KAUR
245 ## - TITLE STATEMENT
Title ENTREPRENEURSHIP DEVELOPMENT & MANAGEMENT
250 ## - EDITION STATEMENT
Edition statement 2023
260 ## - PUBLICATION, DISTRIBUTION, ETC. (IMPRINT)
Place of publication, distribution, etc HIMALAYA PUBLISHING HOUSE PVT LTD
Name of publisher, distributor, etc BEST BOOKS
Date of publication, distribution, etc MUMBAI
300 ## - PHYSICAL DESCRIPTION
Extent LMKCOHK
942 ## - ADDED ENTRY ELEMENTS (KOHA)
Item type Book

No items available.